A Prison diary. (Record no. 10798)
[ view plain ]
| 000 -LEADER | |
|---|---|
| fixed length control field | 01507cam a2200385 a 4500 |
| 001 - CONTROL NUMBER | |
| control field | 13502850 |
| 003 - CONTROL NUMBER IDENTIFIER | |
| control field | EG-ScBUE |
| 005 - DATE AND TIME OF LATEST TRANSACTION | |
| control field | 20220208115342.0 |
| 008 - FIXED-LENGTH DATA ELEMENTS--GENERAL INFORMATION | |
| fixed length control field | 040226s2004 enk f 000 0aeng d |
| 020 ## - INTERNATIONAL STANDARD BOOK NUMBER | |
| International Standard Book Number | 033041884X |
| 020 ## - INTERNATIONAL STANDARD BOOK NUMBER | |
| International Standard Book Number | 9780330418843 |
| 040 ## - CATALOGING SOURCE | |
| Original cataloging agency | DLC |
| Language of cataloging | eng |
| Description conventions | rda |
| Transcribing agency | DLC |
| Modifying agency | DLC |
| -- | EG-ScBUE |
| 043 ## - GEOGRAPHIC AREA CODE | |
| Geographic area code | e-uk--- |
| 082 04 - DEWEY DECIMAL CLASSIFICATION NUMBER | |
| Classification number | 828.91403 |
| Edition number | 22 |
| Item number | ARC |
| 100 1# - MAIN ENTRY--PERSONAL NAME | |
| Personal name | Archer, Jeffrey, |
| Dates associated with a name | 1940- |
| Relator term | author. |
| 9 (RLIN) | 40709 |
| 245 12 - TITLE STATEMENT | |
| Title | A Prison diary. |
| Number of part/section of a work | Volume 2, |
| Name of part/section of a work | Wayland - purgatory / |
| Statement of responsibility, etc | Jeffrey Archer. |
| 246 30 - VARYING FORM OF TITLE | |
| Title proper/short title | Wayland - purgatory |
| 264 #1 - PUBLICATION, DISTRIBUTION, ETC. (IMPRINT) | |
| Place of publication, distribution, etc | London : |
| Name of publisher, distributor, etc | Pan Books, |
| Date of publication, distribution, etc | 2004. |
| 300 ## - PHYSICAL DESCRIPTION | |
| Extent | 310 pages ; |
| Dimensions | 25 cm |
| 336 ## - CONTENT TYPE | |
| Source | rdacontent |
| Content type term | text |
| Content type code | txt |
| 337 ## - MEDIA TYPE | |
| Source | rdamedia |
| Media type term | unmediated |
| Media type code | n |
| 338 ## - CARRIER TYPE | |
| Source | rdacarrier |
| Carrier type term | volume |
| Carrier type code | nc |
| 600 17 - SUBJECT ADDED ENTRY--PERSONAL NAME | |
| Personal name | Archer, Jeffrey, |
| Dates associated with a name | 1940- |
| Form subdivision | Diaries. |
| Source of heading or term | BUEsh |
| 9 (RLIN) | 40709 |
| 600 10 - SUBJECT ADDED ENTRY--PERSONAL NAME | |
| Personal name | Archer, Jeffrey, |
| Dates associated with a name | 1940- |
| General subdivision | Imprisonment. |
| Source of heading or term | BUEsh |
| 9 (RLIN) | 40709 |
| 650 #7 - SUBJECT ADDED ENTRY--TOPICAL TERM | |
| Topical term or geographic name as entry element | Novelists, English |
| Chronological subdivision | 20th century |
| Form subdivision | Diaries. |
| Source of heading or term | BUEsh |
| 650 #7 - SUBJECT ADDED ENTRY--TOPICAL TERM | |
| Topical term or geographic name as entry element | Prisoners |
| Geographic subdivision | Great Britain |
| Form subdivision | Diaries. |
| Source of heading or term | BUEsh |
| 9 (RLIN) | 40290 |
| 650 #7 - SUBJECT ADDED ENTRY--TOPICAL TERM | |
| Topical term or geographic name as entry element | Prisons |
| Geographic subdivision | Great Britain. |
| Source of heading or term | BUEsh |
| 9 (RLIN) | 40268 |
| 651 ## - SUBJECT ADDED ENTRY--GEOGRAPHIC NAME | |
| Source of heading or term | BUEsh |
| 653 ## - INDEX TERM--UNCONTROLLED | |
| Resource For college | Humanities: English |
| Arrived date list | February2022 |
| 655 ## - INDEX TERM--GENRE/FORM | |
| Form subdivision | Reading book |
| 9 (RLIN) | 34232 |
| 856 42 - ELECTRONIC LOCATION AND ACCESS | |
| Materials specified | Contributor biographical information |
| Uniform Resource Identifier | <a href="http://www.loc.gov/catdir/bios/hol055/2004042799.html">http://www.loc.gov/catdir/bios/hol055/2004042799.html</a> |
| 856 42 - ELECTRONIC LOCATION AND ACCESS | |
| Materials specified | Publisher description |
| Uniform Resource Identifier | <a href="http://www.loc.gov/catdir/description/hol053/2004042799.html">http://www.loc.gov/catdir/description/hol053/2004042799.html</a> |
| 942 ## - ADDED ENTRY ELEMENTS (KOHA) | |
| Source of classification or shelving scheme | Dewey Decimal Classification |
| Koha item type | Book - Borrowing |
| Withdrawn status | Lost status | Source of classification or shelving scheme | Damaged status | Not for loan | Collection code | Home library | Current library | Shelving location | Date acquired | Source of acquisition | Cost, normal purchase price | Serial Enumeration / chronology | Total Checkouts | Total Renewals | Full call number | Barcode | Date last seen | Date checked out | Price effective from | Koha item type |
|---|---|---|---|---|---|---|---|---|---|---|---|---|---|---|---|---|---|---|---|---|
| Dewey Decimal Classification | Alahram | Central Library | Central Library | Second Floor | 11/02/2009 | 81.20 | 6489 | 2 | 2 | 828.91403 ARC | 000014782 | 15/07/2025 | 04/10/2017 | 11/02/2009 | Book - Borrowing |